All Enemies in Hollow Knight - Statistics

General Stats
  • This quiz has been taken 750 times
    298 since last reset
  • The average score is 51 of 180
Answer Stats
Boss/ Miniboss? Answer % Correct
Yes False Knight
72%
Yes Hollow Knight
70%
No Vengefly
68%
Yes Gruz Mother
65%
Yes Radiance
65%
Yes Mantis Lords
58%
Yes Dung Defender
56%
Yes Pure Vessel
56%
Yes Vengefly King
56%
Yes Grimm
55%
Yes Nightmare King Grimm
55%
Yes Absolute Radiance
52%
Yes Xero
52%
Yes Broken Vessel
51%
Yes Brooding Mawlek
51%
No Lost Kin
51%
Yes Nosk
51%
Yes Soul Master
51%
Yes Uumuu
51%
Yes White Defender
51%
Yes Hornet Sentinel
49%
No Primal Aspid
49%
Yes Hornet Protector
48%
Yes Gorb
46%
Yes Grey Prince Zote
46%
Yes Markoth
46%
Yes Soul Tyrant
46%
No Tiktik
46%
Yes Zote
46%
Yes Failed Champion
45%
Yes Great Nailsage Sly
45%
No Moss Charger
45%
Yes Soul Warrior
44%
Yes Traitor Lord
44%
Yes Flukemarm
42%
Yes Massive Moss Charger
42%
No Mosskin
42%
No Moss Knight
42%
Yes No Eyes
42%
Yes Watcher Knights
42%
No Crawlid
41%
Yes Crystal Guardian
41%
Yes Elder Hu
41%
Yes Galien
41%
No Gruzzer
41%
Yes Hive Knight
41%
No Aspid Mother
39%
Yes Brothers Oro and Mato
39%
Yes God Tamer
39%
Yes Marmu
39%
Yes Oblobbles
39%
Yes Paintmaster Sheo
38%
Yes Collector
37%
Yes Enraged Guardian
37%
Yes Sisters of Battle
37%
Yes Winged Nosk
37%
No Mantis Warrior
35%
No Sibling
35%
No Baldur
32%
No Husk Guard
32%
No Mantis Youth
32%
No Shade
32%
No Squit
32%
No Aspid Hatchling
31%
No Aspid Hunter
31%
No Husk Sentry
31%
No Maggot
31%
No Leaping Husk
30%
No Mantis Petra
30%
No Wandering Husk
30%
No Husk Bully
28%
No Grub Mimic
27%
No Heavy Fool
27%
No Mantis Traitor
27%
No Obble
27%
No Stalking Devout
27%
No Void Tendrils
27%
No Winged Sentry
27%
No Elder Baldur
25%
No Garpede
25%
No Great Husk Sentry
25%
No Hopper
25%
No Kingsmould
25%
No Lifeseed
25%
No Mawlurk
25%
No Mistake
25%
No Soul Twister
25%
No Flukemon
24%
No Folly
24%
No Goam
24%
No Great Hopper
24%
No Husk Warrior
24%
No Shrumal Ogre
24%
No Uoma
24%
No Winged Fool
24%
No Gorgeous Husk
23%
No Husk Dandy
23%
No Little Weaver
23%
No Mossfly
23%
No Ooma
23%
No Volatile Mosskin
23%
No Belfly
21%
No Hiveling
21%
No Menderbug
21%
No Pilflip
21%
No Volatile Zoteling
21%
No Wingmould
21%
No Aluba
20%
No Dirtcarver
20%
No Flukemunga
20%
No Husk Miner
20%
No Lesser Mawlek
20%
No Loodle
20%
No Mosscreep
20%
No Shrumal Warrior
20%
No Volatile Gruzzer
20%
No Duranda
18%
No Durandoo
18%
No Flukefey
18%
No Fool Eater
18%
No Heavy Sentry
18%
No Husk Hornhead
18%
No Mossy Vagabond
18%
No Shadow Creeper
18%
No Volt Twister
18%
No Boofly
17%
No Charged Lumafly
17%
No Cowardly Husk
17%
No Crystal crawler
17%
No Crystal Hunter
17%
No Entombed Husk
17%
No Fungoon
17%
No Furious Vengefly
17%
No Grimmkin Nightmare
17%
No Hive Soldier
17%
No Hopping Zoteling
17%
No Hwurmp
17%
No Lance Sentry
17%
No Lightseed
17%
No Pale Lurker
17%
Yes Battle Obble
15%
No Fungling
15%
No Grimmkin Master
15%
No Grimmkin Novice
15%
No Hive Guardian
15%
No Husk Hive
15%
No Shielded Fool
15%
No Shrumeling
15%
No Sporg
15%
No Winged Zoteling
15%
No Bluggsac
14%
No Carver Hatcher
14%
No Death Loodle
14%
No Deephunter
14%
No Deepling
14%
No Fungified Husk
14%
No Gluttonous Husk
14%
No Gulka
14%
No Infected Balloon
14%
No Slobbering Husk
14%
No Ambloom
13%
No Glimback
13%
No Maskfly
13%
No Shardmite
13%
No Spiny Husk
13%
No Sturdy Fool
13%
No Violent Husk
13%
No Corpse Creeper
11%
No Myla
11%
No Sharp Baldur
11%
No Crystalized Husk
10%
No Royal Retainer
10%
Yes Revek
8%
No Fluke Larva
7%
No Lanky Zoteling
6%
No Turret Zoteling
6%
No Armoured Squib
4%
No Fluke Zoteling
4%
No Head of Zote
4%
No Zote's Curse
4%
No matching quizzes found
Score Distribution
Percent of People with Each Score
Percentile by Number Answered
Your Score History
You have not taken this quiz since the last reset